000 00314nam a22001337a 4500
008 170331b xxu||||| |||| 00| 0 eng d
020 _a9780838514009
041 _aeng
080 _213 ED
_a616-053.2
100 _a8
101 _aSHM
245 _aCURRENT PEDIATRIC DIAGNOSIS TREATMENT
_cHAY.W.W
942 _2udc
_cBK
999 _c9202
_d9202